Modelovanie závislosti rezíduí modelu SETAR s použitím autokopúl

Bibliographic Details
Main Authors: Petričková, Anna, 1985- (Author), Lenčuchová, Jana (Author)
Format: Article
Language:English

MARC

LEADER 00000nab a2200000 a 4500
001 vtls011128921
003 SK-MaSNL
005 20260303133429.0
008 230218|2010 xo |||||||||||||||||eng|
015 |a SNBRB 
035 |a (uuid)a1ab885f-d540-4c3e-a1a5-db9e1d483c08 
035 |a (urnnbn)urn:nbn:sk:snk:ar-a09i9m 
035 |a urn:nbn:sk:snk-aba6je 
040 |a SNKBUCL  |b slo  |c SNKBUCL  |e AACR2 
041 0 |a eng 
044 |a xo  |c SK 
100 1 |a Petričková, Anna,  |d 1985-  |4 aut  |9 164534 
245 1 0 |a Modelovanie závislosti rezíduí modelu SETAR s použitím autokopúl  |c Anna Petričková, Jana Lenčuchová 
246 3 |a Modelling of dependence structure of the SETAR models residuals using autocopulas 
700 1 |a Lenčuchová, Jana  |4 aut  |9 779752 
773 0 |t Forum statisticum Slovacum  |g Roč. 6, č. 5 (2010), s. 186-191 
958 |a OND 
958 |a EUIPO 
958 |a article13 
999 |c 1956821  |d 1958751